000 00548nam a2200193Ia 4500
005 20260114185720.0
008 008 260114s9999 xx 000 0 eng d
020 _a9781472598967
037 _aEBOOK
040 _aCRL
_beng
_cCRL
041 _aeng
_2eng
084 _qCRL
100 _aA. G. Dickens
_9873498
245 0 _aLate Monasticism and Reformation
260 _bBloomsbury
_c1994
856 _uhttps://doi.org/10.5040/9781472598967?locatt=label:secondary_bloomsburyCollections
942 _cEBOOK
999 _c1472446
_d1472446